| 000 | 00343nam a2200121Ia 4500 | ||
|---|---|---|---|
| 008 | 210430s9999 xx 000 0 und d | ||
| 082 | _a300.1B6271 M | ||
| 100 | _aJames A.Black | ||
| 245 |
_aMethosds and issues in social research _cJames A.Black |
||
| 260 |
_aIslamabad _bNational Book Foundation _c1976 |
||
| 300 | _a444p. | ||
| 942 |
_cBK _2ddc |
||
| 999 |
_c563311 _d563311 |
||